000 00730nam a2200253 i 4500
001 141050
003 ES-MaACL
005 20230906200218.0
007 t|
008 070919s1957 sp ||||1| spa d
080 _a130.2
100 1 _aWilson, Colin.
_9117017
245 1 3 _aEl desplazado =
_bThe outsider /
_cColin Wilson ; [versión española, Carmen Castro].
250 _a1ª ed.
260 _aMadrid :
_bTaurus,
_c1957.
300 _a317 p. ;
_c23 cm.
490 1 _aEnsayistas de hoy ;
_v11
650 4 _aCivilización-
_xFilosofía.
_911081
700 1 _aCastro, Carmen.
_936841
740 4 2 _aThe outsider.
830 1 _aEnsayistas de hoy ;
_v11
_9180849
852 4 _aES-MaACL
_jC-12962
999 _c141050
_d141050